000
00226 a2200097 4500
001
44247
100
_a
Wybraw
245
_a
Electrical and Wireless Equipment of Aircraft
260
_a
London
_b
Pitman
_c
090
_c
27989
_d
27989
942
_a
NUST-CAE
_c
M
_c
19989
999
_c
279320
_d
279320